000 00202nam a2200097Ia 4500
008 170620s9999 xx 000 0 und d
100 _aCHANDRA P.R
245 0 _aBUSINESS LOW
260 _bGALGOTIA
260 _c2014
300 _a330
999 _c30038
_d30038